00716pam a2200193 a 4500020001500000040000800015082002600023245006200049250001200111260003100123300003800154650001800192700002100210856006500231856005500296942000700351999001700358952014700375 a0471624144 cDLC00a330 WIL 1988 A075 Or.00aIntroduction to the theory and practice of econometrics / a2nd ed. aNew York :bWiley,cc1988. axxxvii, 1024 p. :bill. ;c24 cm. 0aEconometrics.1 aJudge, George G.42uhttp://www.loc.gov/catdir/description/wiley032/87028569.html4 uhttp://www.loc.gov/catdir/toc/onix03/87028569.html cEK c15312d15312 0010406330_000000000000000_WIL_1988_A075_OR70968264aLBAbLBAcA075d2017-11-15o330 WIL 1988 A075 Or.pA07070r2017-11-15w2017-11-15yEK